000 00548nam a2200181Ia 4500
008 090630s9999 xx 000 0 und d
082 _b8987
100 _aशेंडे सुगंधा.
245 _aफिपुली.
_cशेंडे सुगंधा.
260 _bसुरस.
_c1987
300 _a158
600 _aशेंडे सुगंधा.
630 _aफिपुली.
655 _aकादंबरी.
700 _aशेंडे सुगंधा.
730 _aफिपुली.
942 _cBOOK
999 _c260843
_d260843